[Event "FAI-ch 2020"]
[Site "Runavik"]
[Date "2020.10.24"]
[Round "3.2"]
[White "Danielsen, Andrias"]
[Black "Jacobsen, Heidrikur T."]
[Result "0-1"]
[WhiteElo "1886"]
[BlackElo "1873"]
[Annotator "NA RC"]
[PlyCount "108"]
[EventDate "2020.10.23"]
[EventType "tourn"]
[EventCountry "FAI"]
[SourceTitle "playchess.com"]
[Source "ChessBase"]
[SourceQuality "1"]
[TimeControl "40/5400+30:900+30"]

{[%evp 8,106,52,73,79,35,39,4,0,-30,0,0,33,-6,-9,-7,-14,32767,32767,32767,32767,32767,32767,-75,-21,-12,-6,-26,32767,32767,-24,-7,0,-27,15,16,32767,32767,32767,32767,32767,32767,32767,8,4,0,0,32767,-25,-34,0,0,0,-140,-141,-137,-140,-140,-69,-97,-104,-98,32767,32767,32767,32767,-100,-101,-76,-78,-68,-98,-92,-235,-258,-249,-228,32767,32767,32767,32767,32767,32767,32767,32767,32767,32767,32767,32767,32767,-29974,-1715,-29973,-2677,-12839,-12326,-12842,32767,32767,32767,-29986]} 1. e4 {[%emt 0:01:25]} g6 {[%emt 0:00:00]} 2. d4 {[%emt 0:03:58]} Bg7 {[%emt 0:00:35]} 3. Nc3 {[%emt 0:02:28]} d6 {[%emt 0:00:34]} 4. f4 {[%emt 0:01:22]} c6 {[%emt 0:02:14]} 5. Nf3 {[%emt 0:02:43]} Bg4 {[%emt 0:00:41]} 6. e5 {[%emt 0:14:29] B06: Modern Defence.} dxe5 {[%emt 0:03:36] [#]} 7. dxe5 $146 {[%emt 0:02:08]} ({Predecessor:} 7. fxe5 Nh6 8. Ne4 Bxf3 9. gxf3 Nf5 10. c3 Qb6 11. Bh3 Na6 12. Qe2 Nc7 13. a4 Ne6 {½-½ (75) Kucera,J (2017)-Kansky,P (2108) Czechia 2011}) 7... Qxd1+ {[%emt 0:00:42]} 8. Kxd1 {[%emt 0:00:15]} Bxf3+ {[%emt 0:00:15]} 9. gxf3 {[%emt 0:00:01]} e6 {[%emt 0:00:42]} 10. Bc4 {[%emt 0:02:28]} Ne7 {[%emt 0:06:31]} 11. Ne4 {[%emt 0:00:42]} Nf5 {[%emt 0:00:44]} 12. c3 {[%emt 0:01:19]} Nd7 {[%emt 0:02:33]} 13. a4 {[%emt 0:02:33]} O-O-O {[%emt 0:04:32]} 14. Ke2 {[%emt 0:05:41]} h6 {[%emt 0:02:27]} 15. Be3 {[%emt 0:12:19]} Kb8 {[%emt 0:07:30]} (15... g5 $5 16. Nd6+ (16. Bxa7 gxf4 17. Nd6+ Nxd6 $15) 16... Nxd6 17. exd6 gxf4 18. Bxf4 Be5 $15) 16. Rad1 {[%emt 0:02:44]} Nb6 {[%emt 0:01:00]} 17. Bxb6 {[%emt 0:04:17]} axb6 {[%emt 0:03:16]} 18. Ng3 {[%emt 0:01:32]} Ne7 {[%emt 0:01:47]} 19. Ne4 {[%emt 0:00:16]} Nf5 {[%emt 0:00:10]} 20. Ng3 {[%emt 0:00:23]} Nxg3+ {[%emt 0:01:36]} (20... Nh4 $1 $15 21. Ke3 Rhe8) 21. hxg3 {[%emt 0:00:08]} Kc7 {[%emt 0:00:16]} 22. Rd3 {[%emt 0:01:40]} Rxd3 {[%emt 0:00:28]} 23. Bxd3 {[%emt 0:00:10]} h5 {[%emt 0:00:48]} 24. Ke3 {[%emt 0:00:57]} Bf8 {[%emt 0:01:03]} 25. g4 {[%emt 0:03:19]} Bc5+ {[%emt 0:01:02]} 26. Ke4 {[%emt 0:00:47]} h4 {[%emt 0:00:16]} 27. Rh3 {[%emt 0:08:45]} Bf2 {[%emt 0:01:50]} 28. f5 {[%emt 0:01:48]} gxf5+ {[%emt 0:00:28]} 29. gxf5 {[%emt 0:00:07]} Bg3 {[%emt 0:02:04]} 30. Bc4 {[%emt 0:02:24]} (30. f4 $11 {keeps the balance.}) 30... Rh5 {[%emt 0:03:41]} 31. fxe6 {[%emt 0:01:24]} Rxe5+ {[%emt 0:00:15]} 32. Kd4 {[%emt 0:00:25]} c5+ {[%emt 0:00:19]} (32... fxe6 $17 33. Kd3 Kd6) 33. Kd3 {[%emt 0:00:53]} fxe6 {[%emt 0:00:17]} 34. Rh1 {[%emt 0:02:12]} Kd6 {[%emt 0:00:44]} 35. Kd2 {[%emt 0:00:43]} Rh5 {[%emt 0:02:09]} 36. Bf1 {[%emt 0:00:10]} Rd5+ {[%emt 0:03:27]} 37. Kc2 {[%emt 0:01:36]} Ke5 {[%emt 0:00:41]} 38. Bh3 {[%emt 0:00:23]} Rd6 {[%emt 0:02:00]} 39. Bg4 {[%emt 0:00:16]} Kf4 {[%emt 0:00:21]} 40. b4 $2 {[%emt 0:00:00]} (40. Rd1 $17 Rxd1 41. Kxd1) 40... c4 {[%emt 0:00:00]} 41. a5 {[%emt 0:08:23]} b5 {[%emt 0:03:18]} 42. Rd1 {[%emt 0:06:12]} Rxd1 {[%emt 0:01:05]} 43. Kxd1 {[%emt 0:00:03]} e5 {[%emt 0:01:49]} 44. Bc8 {[%emt 0:00:50]} Kxf3 {[%emt 0:00:20]} 45. Bxb7+ {[%emt 0:00:26]} e4 {[%emt 0:00:09]} 46. a6 {[%emt 0:00:37]} Bf2 {[%emt 0:00:09]} 47. Bc8 {[%emt 0:03:29]} Ba7 {[%emt 0:05:13]} 48. Ke1 {[%emt 0:01:41]} Ke3 {[%emt 0:01:09]} 49. Bd7 {[%emt 0:01:36]} Kd3 {[%emt 0:00:21]} 50. Bf5 {[%emt 0:00:45]} Kxc3 {[%emt 0:01:21]} 51. Bxe4 {[%emt 0:00:02]} Kxb4 $19 {[%emt 0:00:13]} 52. Kd2 {[%emt 0:01:05]} Kb3 {[%emt 0:00:24]} 53. Bd5 {[%emt 0:01:02]} Kb2 {[%emt 0:00:26]} 54. Kd1 {[%emt 0:01:56]} c3 {[%emt 0:00:17]} 0-1

[Event "FAI-ch 2020"]
[Site "Runavik"]
[Date "2020.10.24"]
[Round "3.3"]
[White "Apol, Luitjen Akselsson"]
[Black "Nolsoe, Rani"]
[Result "1-0"]
[WhiteElo "2126"]
[BlackElo "2061"]
[Annotator "TA"]
[PlyCount "41"]
[EventDate "2020.10.23"]
[EventType "tourn"]
[EventCountry "FAI"]
[SourceTitle "playchess.com"]
[Source "ChessBase"]
[SourceQuality "1"]

{[%evp 15,41,52,78,31,37,32,45,0,0,7,2,0,4,0,46,56,70,82,126,81,85,41,83,81,1089,970,1041,800]} 1. e4 d6 2. d4 Nf6 3. Nc3 g6 4. Bg5 Bg7 5. Qd2 h6 6. Bf4 g5 7. Bg3 Nh5 8. O-O-O Nc6 {[%cal Bb8c6,Bc6d4,Bd4e2][%mdl 32]} 9. d5 {B07: Pirc Defence: Miscellaneous Systems.} Nd4 10. Nge2 c5 {[#]} 11. dxc6 $146 {White is slightly better.} (11. Nxd4 {seems wilder.} Bxd4 12. Nb5 Bf6 13. Be2 Nxg3 14. hxg3 Bd7 15. Kb1) ({Predecessor:} 11. Nxd4 Bxd4 12. Be2 Nxg3 13. hxg3 Bd7 14. f4 gxf4 15. gxf4 Qa5 16. Kb1 O-O-O 17. Bh5 {0-1 (63) Gara,A (2257)-Resika,N (2190) Budapest 2000}) 11... Nxe2+ 12. Bxe2 Nxg3 13. hxg3 bxc6 14. f4 gxf4 15. gxf4 Qa5 16. Rh5 f5 17. e5 dxe5 18. Rh3 Be6 {[#]} 19. Bh5+ $1 {[%mdl 1024] White has strong compensation.} Bf7 $4 {[%mdl 8192]} (19... Kf8 $16) 20. Qd7+ $18 {[%mdl 64] Double Attack} Kf8 21. Qxf5 {Av CentiPawn Loss W=-34/B=-103. Weighted=-24/-95} 1-0

[Event "FAI-ch 2020"]
[Site "Runavik"]
[Date "2020.10.24"]
[Round "3.4"]
[White "Simonsen, Hans Kristian"]
[Black "Berg, Margar M."]
[Result "1-0"]
[WhiteElo "2147"]
[BlackElo "1912"]
[Annotator "TA"]
[PlyCount "65"]
[EventDate "2020.10.23"]
[EventType "tourn"]
[EventCountry "FAI"]
[SourceTitle "playchess.com"]
[Source "ChessBase"]
[SourceQuality "1"]

{[%evp 9,64,14,58,52,87,67,91,82,89,91,94,81,84,82,94,102,133,112,162,155,202,214,244,240,280,277,293,272,324,302,342,318,311,288,358,362,466,461,418,450,501,467,496,488,468,458,532,499,676,665,679,642,29997,29998,29998,29999,29999]} 1. Nf3 d5 2. g3 c5 3. Bg2 Nf6 4. O-O Bf5 5. c4 e6 6. d4 {A08: King's Indian Attack.} Be7 7. cxd5 exd5 8. Nc3 {White is better.} O-O 9. dxc5 Bxc5 10. Bg5 Nc6 11. Bxf6 Qxf6 12. Qxd5 Bb6 {[#]} 13. Qb5 $146 ({Predecessor:} 13. Qb3 Be6 14. Qa4 Rad8 15. Rad1 Rxd1 16. Rxd1 Rd8 17. e3 Rxd1+ 18. Qxd1 Qd8 19. Qxd8+ Bxd8 {1-0 (29) Ferreira,V (2110)-Capeletti,C (1712) Porto Alegre 2013}) 13... Rad8 14. Nd5 Rxd5 15. Qxd5 Rd8 16. Qb3 Re8 17. e3 Be4 18. Qc3 Qh6 19. Rad1 Qh5 20. Nd4 Bxg2 21. Kxg2 Ne5 22. f3 g5 {Black hopes to continue with ...g4.} 23. h3 Qg6 24. g4 Qd6 25. Nf5 Qc5 26. Qxc5 Bxc5 27. Rd5 Bb6 28. Rc1 {Strongly threatening Rxe5!} Nc6 29. Rd7 Ne5 30. Re7 {[%mdl 64] [#] Overworked Piece} Rxe7 31. Rc8+ {White mates.} Bd8 32. Rxd8+ Re8 33. Rxe8# {Black did not feel at home in the position after the opening. Av CentiPawn Loss W=89/B=-71. Weighted=77/-70} 1-0

[Event "FAI-ch 2020"]
[Site "Runavik"]
[Date "2020.10.25"]
[Round "4.1"]
[White "Nielsen, Hogni Egilstoft"]
[Black "Berg, Margar M."]
[Result "1-0"]
[WhiteElo "2396"]
[BlackElo "1912"]
[Annotator "TA"]
[PlyCount "51"]
[EventDate "2020.10.23"]
[EventType "tourn"]
[EventCountry "FAI"]
[SourceTitle "playchess.com"]
[Source "ChessBase"]
[SourceQuality "1"]

{[%evp 9,51,0,0,-10,23,22,18,30,38,27,79,65,64,58,47,52,101,105,147,144,167,125,117,116,272,247,244,275,264,262,259,262,239,249,261,267,500,486,475,497,489,469,558,553]} 1. e4 c5 2. c3 Nf6 3. e5 Nd5 4. d4 cxd4 5. cxd4 d6 6. Bc4 {B22: Sicilian: 2 c3.} dxe5 7. dxe5 e6 8. Nf3 {The position is equal.} a6 9. O-O b5 {[#]} (9... Nc6 $11) 10. Bxd5 $146 (10. Bg5 {is more complex.} Ne7 11. Qxd8+ Kxd8 12. Be2 Nd7 13. a4) ({Predecessor:} 10. Bb3 Be7 11. Nbd2 Nd7 12. Ne4 N7b6 13. Bg5 O-O 14. Bxe7 Qxe7 15. Nfg5 h6 16. Nh3 {0-1 (42) Kohi,C (1900)-Pavlidou,E Heraklion 2004}) 10... Qxd5 11. Qxd5 exd5 12. Nc3 {[%cal Bb1c3,Bc3d5,Bd5c7][%mdl 32]} Bb7 13. Rd1 $36 {[%mdl 2048] Black is under strong pressure.} Bc5 14. Nxd5 O-O 15. Bg5 h6 16. Rac1 Nd7 $2 {[#] Loses the game.} (16... Bxd5 $16 {was worth a try.} 17. Rxd5 Bb6) 17. Nc7 $18 Bxf3 18. gxf3 Nxe5 19. Rxc5 Nxf3+ 20. Kg2 Nxg5 21. Nxa8 Rxa8 {KRR-KRN} 22. Rdc1 f5 $2 {[#]} (22... Rf8 23. Rc6 Ne6 24. Rxa6 Rd8) 23. Rc8+ {White is clearly winning.} Rxc8 24. Rxc8+ Kf7 25. Rc6 Ne4 26. Rxa6 {Av CentiPawn Loss W=-2/B=-32. Weighted=-6/-58} 1-0

[Event "FAI-ch 2020"]
[Site "Runavik"]
[Date "2020.10.25"]
[Round "4.3"]
[White "Jacobsen, Heidrikur T."]
[Black "Apol, Luitjen Akselsson"]
[Result "1/2-1/2"]
[WhiteElo "1873"]
[BlackElo "2126"]
[Annotator "TA"]
[PlyCount "67"]
[EventDate "2020.10.23"]
[EventType "tourn"]
[EventCountry "FAI"]
[SourceTitle "playchess.com"]
[Source "ChessBase"]
[SourceQuality "1"]

{[%evp 9,67,24,6,-11,34,29,47,39,35,17,20,24,22,24,21,20,30,0,44,6,81,63,161,173,202,210,209,174,200,79,73,91,154,97,101,88,113,0,0,0,0,0,58,75,100,95,95,99,137,120,145,29,27,0,156,0,27,0,164,0]} 1. d4 Nf6 2. Nc3 d5 3. Bg5 h6 4. Bf4 g6 5. Nf3 {[#]} Bg7 $146 ({Predecessor:} 5... a6 6. e3 Bg7 7. Ne5 Nh5 8. Qf3 Nxf4 9. Qxf4 O-O 10. O-O-O c6 11. Be2 Nd7 12. Ng4 {1-0 (60) Garcia Monreal,F (1700)-Goloubev Goloubeva,M (1679) Maresme 2018}) 6. h3 {D01: Veresov Opening.} h5 (6... c5 $5) 7. e3 Bf5 8. Bd3 {White is slightly better.} Ne4 9. Bxe4 dxe4 10. Nd2 c5 $1 11. Be5 $36 {[%mdl 2048] White has some pressure.} Bxe5 12. dxe5 Qc7 13. Ndxe4 Qxe5 14. Qf3 (14. f4 $5 {[%cal Rf4e5]} Qe6 15. Qf3 $14) 14... Nc6 (14... Bxe4 $11 {remains equal.} 15. Nxe4 (15. Qxe4 Qxe4 16. Nxe4 b6 $11) 15... Qxb2) 15. O-O-O $1 $16 h4 {[#]} (15... Bxe4 $14 16. Nxe4 (16. Qxe4 Qxe4 17. Nxe4 b6 $11) 16... Kf8) 16. Rd5 $1 $18 {[%cal Rd5e5]} Qg7 17. Nxc5 O-O 18. Rhd1 Rac8 19. Rxf5 (19. Nxb7 $18 {is more deadly. Black must now prevent Rc5.} Nb4 {[%mdl 64] Double Attack} 20. Rc5) 19... gxf5 $16 20. Qxf5 Ne5 (20... Qg6 $142 21. Qxg6+ fxg6) 21. Nd7 ({White should play} 21. Nxb7 Rc7 22. Na5) 21... Nxd7 22. Rxd7 Rcd8 23. Nd5 ({Only move:} 23. Rxe7 $16 {Hoping for Re4.} Qxg2 24. b3) 23... Rxd7 $1 $11 24. Qxd7 {[%mdl 4160] Endgame Double Attack. KQR-KQN} e6 25. Ne7+ Kh8 (25... Kh7 $1 $11 26. Qxb7 f5) 26. Qxb7 $14 Qg5 27. Qb4 {And now Ng6+! would win.} ({Of course not} 27. Qxa7 $6 Re8 $11) 27... Kg7 {[#]} 28. Qd4+ $1 e5 29. Qxh4 ({Reject} 29. Qxa7 $6 Qxg2 30. b3 Qxh3 $11) 29... Qxg2 30. Nf5+ (30. b4 $16) 30... Kg6 $11 31. Ne7+ (31. Qg4+ $11 Qxg4 32. hxg4) 31... Kg7 $16 32. Nf5+ (32. b3 $16) 32... Kg6 $11 33. Ne7+ (33. Qg4+ $11 Qxg4 34. hxg4) 33... Kg7 $18 34. Nf5+ $2 {Blacks defense is rewarded with a draw. Av CentiPawn Loss W=-19/B=-32. Weighted=-26/-26} ({Better is} 34. b4 $18) 1/2-1/2

[Event "FAI-ch 2020"]
[Site "Runavik"]
[Date "2020.10.25"]
[Round "4.4"]
[White "Gregersen, Hedin"]
[Black "Danielsen, Andrias"]
[Result "1-0"]
[WhiteElo "1804"]
[BlackElo "1886"]
[Annotator "NA RC"]
[PlyCount "79"]
[EventDate "2020.10.23"]
[EventType "tourn"]
[EventCountry "FAI"]
[SourceTitle "playchess.com"]
[Source "ChessBase"]
[SourceQuality "1"]
[TimeControl "40/5400+30:900+30"]

{[%evp 8,79,36,32767,32,32767,26,32767,32767,32767,23,0,54,-11,32767,-32,-34,32767,32767,32767,-46,32767,32767,-42,-31,32767,32767,-91,-101,-92,178,192,179,129,129,100,105,32767,37,32767,32767,32767,36,0,28,0,32767,0,32767,32767,32767,32767,1331,2074,5414,29968,32767,32767,29989,29990,29996,29997,29997,228,926,1107,12837,1128,29972,120,29982,29984,29988,29988]} 1. g3 {[%emt 0:00:00]} g6 {[%emt 0:03:57]} 2. Bg2 {[%emt 0:00:00]} Bg7 {[%emt 0:00:02]} 3. e4 {[%emt 0:00:24]} d6 {[%emt 0:00:18]} 4. d4 {[%emt 0:01:31]} Nf6 {[%emt 0:07:02]} 5. Nc3 {[%emt 0:03:18]} O-O {[%emt 0:05:15]} 6. Nge2 {[%emt 0:00:39]} c6 {[%emt 0:01:58]} 7. O-O {[%emt 0:00:42]} Nbd7 {[%emt 0:02:21]} 8. h3 {[%emt 0:06:22]} e5 {[%emt 0:01:20]} 9. d5 {[%emt 0:05:39] [#] B07: Pirc Defence: Miscellaneous Systems.} c5 $146 {[%emt 0:06:24]} ({Predecessor:} 9... Qc7 10. dxc6 bxc6 11. Be3 Nb6 12. b3 Bb7 13. a4 a5 14. Qd2 Rfd8 15. f4 d5 16. fxe5 Nxe4 17. Nxe4 dxe4 {0-1 (26) Kovacs,B (1831)-Laszlo,I (2158) Dunaujvaros 2013}) 10. f4 {[%emt 0:10:22]} (10. Bg5 $14) 10... exf4 {[%emt 0:02:38]} 11. gxf4 {[%emt 0:04:13]} a6 {[%emt 0:04:15]} 12. a4 {[%emt 0:02:38]} Nh5 {[%emt 0:01:07]} 13. Qe1 {[%emt 0:02:04]} Rb8 {[%emt 0:02:32]} 14. Bf3 {[%emt 0:08:11]} b5 {[%emt 0:03:46]} 15. axb5 {[%emt 0:01:44]} axb5 {[%emt 0:00:11]} 16. Bxh5 {[%emt 0:00:40]} gxh5 {[%emt 0:00:01]} 17. Kh2 {[%emt 0:09:03]} (17. e5 $11) 17... b4 {[%emt 0:02:40]} 18. Nd1 {[%emt 0:02:15] [#]} c4 $2 {[%emt 0:02:30]} (18... Nf6 $1 $17 {and life is bright.} 19. Rg1 Nxe4) 19. Rg1 {[%emt 0:03:29]} Kh8 {[%emt 0:00:22]} 20. Rxg7 {[%emt 0:08:22]} ({Resist} 20. Qg3 $6 Rg8 $16) 20... Kxg7 {[%emt 0:00:19]} 21. Be3 {[%emt 0:01:08]} Rg8 {[%emt 0:09:24]} 22. Ng3 {[%emt 0:01:41]} Nf6 {[%emt 0:01:56]} (22... Kf8 $15 23. Nf5 Nf6) 23. Bd4 {[%emt 0:07:07]} Kf8 {[%emt 0:00:10]} 24. Ne3 {[%emt 0:00:44] [#]} h4 {[%emt 0:02:34]} (24... c3 $1 $15) 25. Ngf5 {[%emt 0:01:13]} Nxe4 {[%emt 0:00:55]} 26. Ra7 {[%emt 0:04:11]} Rg6 {[%emt 0:05:04]} 27. Ne7 {[%emt 0:01:21]} Rg3 {[%emt 0:10:59]} 28. N3f5 {[%emt 0:02:49]} Bxf5 {[%emt 0:03:53]} 29. Nxf5 {[%emt 0:00:09]} Ng5 {[%emt 0:04:49]} (29... Qe8 $142 30. Re7 Qxe7 31. Nxe7 Re8) 30. fxg5 {[%emt 0:04:37]} Qxg5 {[%emt 0:00:01] [#]} 31. Rxf7+ $1 {[%emt 0:04:14] Remove Defender} Kxf7 {[%emt 0:00:39]} 32. Qe6+ {[%emt 0:00:05]} Kf8 {[%emt 0:02:20]} 33. Qxd6+ {[%emt 0:00:06] Double Attack} Kf7 {[%emt 0:00:32]} 34. Qe6+ {[%emt 0:00:13]} Kf8 {[%emt 0:00:14]} 35. Bg7+ $2 {[%emt 0:00:09]} (35. Bc5+ {mates} Qe7 36. Qf6+ {[%mdl 64] Double Attack, Pin} Kg8 37. Nxe7#) 35... Qxg7 {[%emt 0:00:22]} 36. Nxg7 {[%emt 0:00:10]} b3 {[%emt 0:02:44]} 37. c3 {[%emt 0:01:08]} (37. Qf6+ $142 Kg8 {[#]} 38. Nf5 $1 {[%mdl 576] Double Attack}) 37... Ra8 {[%emt 0:00:53] [#]} 38. Qf6+ $2 {[%emt 0:00:36]} (38. Nf5 $1 {mates} Rg6 39. Qe7+ Kg8 40. Qxh4 Rf8 41. Ne7+ {[%mdl 64] Double Attack} Kf7 42. Nxg6 Kxg6 43. d6) 38... Kg8 {[%emt 0:00:23] [#]} 39. Nf5 $1 {[%emt 0:00:28] Double Attack} h5 {[%emt 0:04:10]} 40. Nxg3 {[%emt 0:00:00]} 1-0

[Event "FAI-ch 2020"]
[Site "Runavik"]
[Date "2020.10.30"]
[Round "5.1"]
[White "Danielsen, Andrias"]
[Black "Nielsen, Hogni Egilstoft"]
[Result "0-1"]
[WhiteElo "1886"]
[BlackElo "2396"]
[Annotator "TA"]
[PlyCount "95"]
[EventDate "2020.10.23"]
[EventType "tourn"]
[EventCountry "FAI"]
[SourceTitle "playchess.com"]
[Source "ChessBase"]
[SourceQuality "1"]

{[%evp 9,95,-44,-46,-46,-16,-50,-49,-50,-14,-52,-56,-56,-66,-69,-58,-97,-66,-69,-18,-72,-64,-65,-64,-68,-31,-108,-97,-120,-112,-145,-129,-161,-162,-154,-145,-148,-147,-150,-139,-133,-108,-175,-147,-200,-198,-262,-254,-278,-282,-270,-208,-208,-204,-248,-222,-254,-241,-237,-222,-363,-360,-357,-315,-433,-433,-433,-367,-374,-374,-374,-374,-446,-440,-495,-447,-447,-450,-447,-445,-522,-499,-693,-682,-652,-437,-691,-686,-680]} 1. e4 e6 2. Nc3 d5 3. Nf3 Nf6 4. Qe2 Be7 5. d3 c5 6. g3 {C00: French: Unusual White 2nd moves.} b5 {[%cal Bb7b5,Bb5b4][%mdl 32]} 7. Bg2 b4 8. Nd1 {Black is slightly better.} a5 9. e5 Nfd7 10. h4 Nc6 11. O-O {[#]} a4 $146 ({Predecessor:} 11... h6 12. Re1 Qc7 13. Bf4 Nb6 14. Ne3 Ba6 15. c4 dxc4 16. dxc4 Rd8 17. b3 Nd4 18. Nxd4 cxd4 {1-0 (46) Sadeh,S (2252)-Ahmadinia,E (2398) Tabriz 2013}) 12. Bf4 Ba6 13. Ne3 O-O ({Black should play} 13... h6 $15 14. h5 Bb7) 14. Bh3 (14. c4 $11) 14... Nd4 15. Nxd4 cxd4 16. Ng2 {[#]} b3 $1 {[%mdl 512]} 17. Qg4 (17. cxb3 $15 axb3 18. a3) (17. axb3 axb3) 17... Kh8 (17... bxc2 {seems wilder.} 18. Bh6 g5 19. Ne1 a3 20. bxa3 Nxe5 21. Qe2 Qd6) 18. axb3 axb3 19. Qe2 Nc5 $36 {[%mdl 2048] White is under strong pressure.} 20. Rfd1 bxc2 21. Qxc2 Bxd3 22. Rxa8 Bxc2 23. Rxd8 Rxd8 24. Rxd4 Rb8 25. Ne3 (25. Ne1 $17 {might work better.} Bg6 26. Rd2) 25... Bb1 ({Stronger than} 25... Rxb2 26. Nxc2 g5 27. hxg5 $11) 26. Nxd5 (26. Rd1 $17 Rxb2 27. Rc1) 26... exd5 $19 27. Rxd5 (27. e6 $142 Rxb2 28. exf7) 27... Rxb2 28. Be3 Be4 {[#] Threatens to win with ...Rb1+.} 29. Rd1 {Strongly threatening Bxc5.} Rb1 30. Rxb1 Bxb1 31. Bf1 Ba2 32. Bb5 Bd5 33. Kh2 Kg8 34. Bd4 (34. Be2 $142) 34... Ne6 35. Bc3 Bc5 36. Kg1 Nd4 37. Ba6 Bb6 38. Kf1 Nf3 39. Ke2 Bc7 40. e6 fxe6 {Black is clearly winning.} 41. Bc8 Kf7 42. Ba6 e5 43. Bc8 Bb6 44. Ba6 e4 45. Bb4 Nh2 46. Be1 Bd4 47. Bb5 (47. Bd2 $142) 47... Be6 48. Kd2 {Av CentiPawn Loss W=-34/B=-20. Weighted=-34/-20} 0-1

[Event "FAI-ch 2020"]
[Site "Runavik"]
[Date "2020.10.30"]
[Round "5.2"]
[White "Apol, Luitjen Akselsson"]
[Black "Gregersen, Hedin"]
[Result "1/2-1/2"]
[WhiteElo "2126"]
[BlackElo "1804"]
[Annotator "TA"]
[PlyCount "121"]
[EventDate "2020.10.23"]
[EventType "tourn"]
[EventCountry "FAI"]
[SourceTitle "playchess.com"]
[Source "ChessBase"]
[SourceQuality "1"]

{[%evp 10,121,27,27,173,31,113,12,25,0,0,4,-8,-20,47,19,27,16,27,14,16,0,0,-6,-3,-18,0,-6,0,0,0,0,0,-25,0,0,9,9,9,9,3,10,12,0,0,0,0,0,8,6,4,3,5,0,76,-14,-12,-12,-14,-26,-41,-203,-45,-253,-40,-259,-257,-277,-258,-331,-122,-150,-46,-228,-213,-207,-198,-213,0,0,0,0,0,0,0,0,0,0,0,0,0,0,0,0,0,0,0,0,0,0,0,-80,0,0,0,0,0,0,0,0,0,-65,0,0]} 1. e4 g6 2. d4 Bg7 3. Nf3 c5 4. dxc5 Qa5+ 5. Bd2 Qxc5 6. Nc3 a6 {B27: Sicilian: 2 Nf3, unusual Black 2nd moves.} (6... Nf6 $11 {and Black stays safe.}) 7. Bd3 (7. Nd5 $1 $18) 7... d6 (7... Nf6 $14) 8. O-O (8. Nd5 $1 $16) 8... Nf6 $11 9. Qe2 O-O 10. h3 Nbd7 {[#]} 11. a4 $146 ({Predecessor:} 11. Qe3 Qc7 12. Rfe1 e5 13. Nd5 Nxd5 14. exd5 f5 15. Ng5 Nf6 16. c4 e4 17. Be2 {0-1 (42) Petersen,H (1455)-Hagerup,P (1664) Borup 2014}) 11... Ne5 (11... b6 $11) 12. a5 Nxf3+ 13. Qxf3 Be6 14. Qe2 Nd7 15. Be3 Qc6 16. f4 Rac8 17. Rad1 Bc4 18. Nd5 Bxd5 19. exd5 Qc7 20. b4 Bc3 21. Bd2 Nf6 22. f5 $1 Nxd5 23. fxg6 hxg6 24. Bxg6 fxg6 25. Qe6+ Kg7 26. Qxd5 Bxd2 27. Qxd2 Qc3 28. Qg5 Rf6 29. Rxf6 Qxf6 {[%mdl 4096] Endgame KQR-KQR} 30. Qd5 {With the idea Rf1.} Rxc2 31. Rf1 Qe5 (31... Qc3 $11) 32. Qf7+ (32. Rf7+ $16 Kh6 33. Qxe5 dxe5 34. Rxe7 {[%mdl 64] Double Attack}) 32... Kh6 33. Qf8+ Kg5 34. h4+ Kg4 35. Qf3+ Kxh4 36. Rd1 $2 (36. Qd3 $15 Rc6 37. Qxg6) 36... e6 $2 (36... Re2 $19 {Strongly threatening ...Re1+.} 37. Rd3 Re4 38. Qh3+ Kg5 39. Rg3+ Kf6 40. Qh8+ Kf7 $1 {[%mdl 512]} 41. Rf3+ Rf4 42. Qh7+ Kf6 43. Qh8+ Kg5 44. Rg3+ Kf5 45. Qc8+ Kf6 46. Qf8+ Ke6 $1 {[%mdl 512]} 47. Qc8+ Kf7) 37. Qxb7 $2 ({Only move:} 37. Qd3 $15 Qe2 38. Qxe2 Rxe2 39. Rxd6) 37... d5 $1 $19 38. Qh7+ Kg5 39. Qe7+ Qf6 $2 (39... Kg4 $1 $19 40. Qf7 Qe4 $1 {[%mdl 512]}) 40. Qa7 $17 Qf4 (40... Re2 $17 {White must now prevent ...Qf4.} 41. Qc5 Kh5) 41. Rf1 $2 (41. Qe7+ $15 Qf6 42. Qa7) 41... Qe4 $1 $19 {[%csl Gc2][%cal Re4g2]} ({Weaker is} 41... Qxb4 42. Qe3+ Kh5 43. Qe5+ Kh6 44. Qh8+ Kg5 45. Qe5+ Kh6 46. Qh8+ Kg5 47. Qe5+ Kh6 $11) 42. Rf3 {[#]} Kg4 $1 43. Qf7 {[#]} Qd4+ $2 (43... g5 $1 $19 {aiming for ...d4.} 44. Kh2 Qe5+ 45. Kg1 Qe1+ 46. Kh2 Qe5+ 47. Kg1 Qe1+ 48. Kh2 Qe5+) 44. Kh1 Qh8+ 45. Kg1 Rc1+ 46. Rf1 Qd4+ 47. Kh2 Qe5+ 48. Kh1 Qh8+ 49. Kg1 $1 Rxf1+ 50. Qxf1 $11 {KQ-KQ} Qd4+ 51. Kh2 Qxb4 {Threatens to win with ...Qf4+.} 52. Qxa6 Qe1 53. Qb6 Qe5+ 54. Kg1 d4 {...d3 is the strong threat.} 55. a6 (55. Qb4 $11 {keeps the balance.}) 55... Qe1+ ({Better is} 55... d3 $17 {( -> ...d2)} 56. Qb1 Qe3+ 57. Kh2 Kg5) 56. Kh2 Qg3+ 57. Kg1 Qe1+ 58. Kh2 Qg3+ 59. Kg1 Qe3+ 60. Kh1 (60. Kf1 $11) 60... Qe1+ (60... Kg3 $1 $15 61. Qd6+ Kf2 62. Qf8+ Ke2) 61. Kh2 {And White is the lucky defender. Av CentiPawn Loss W=-26/B=-27. Weighted=-37/-28} 1/2-1/2